000 00300nam a22001337a 4500
008 170330b xxu||||| |||| 00| 0 eng d
020 _a0683180347
041 _aeng
080 _23 ED
_a616-053.2
100 _a8
101 _aSHM
245 _aPEDIATRIC INTENSIVE CARE
_cROGERS.M.C
942 _2udc
_cBK
999 _c9118
_d9118